| 000 -LEADER |
| fixed length control field |
00526nam a22001697a 4500 |
| 008 - FIXED-LENGTH DATA ELEMENTS--GENERAL INFORMATION |
| fixed length control field |
210410b ||||| |||| 00| 0 eng d |
| 040 ## - CATALOGING SOURCE |
| Original cataloging agency |
BMS College of Architecture |
| 100 ## - MAIN ENTRY--PERSONAL NAME |
| Personal name |
R, Vishalakshi |
| 245 ## - TITLE STATEMENT |
| Title |
Solid waste management systems systems in Bangalore |
| 300 ## - PHYSICAL DESCRIPTION |
| Extent |
79p. |
| 500 ## - GENERAL NOTE |
| General note |
1BM05AHD11 |
| 502 ## - DISSERTATION NOTE |
| Degree type |
M.Arch |
| Name of granting institution |
BMS College of Architecture, Visvesvaraya Technological University |
| Dissertation note |
Dissertation |
| Year degree granted |
2007 |
| 650 ## - SUBJECT ADDED ENTRY--TOPICAL TERM |
| Topical term or geographic name as entry element |
Management |
| 650 ## - SUBJECT ADDED ENTRY--TOPICAL TERM |
| Topical term or geographic name as entry element |
Bangalore |
| 700 ## - ADDED ENTRY--PERSONAL NAME |
| Personal name |
Satish S Rao |
| Relator term |
Guide |
| 942 ## - ADDED ENTRY ELEMENTS (KOHA) |
| Source of classification or shelving scheme |
|
| Koha item type |
PG-Thesis and Dissertations |